| 000 | 00757amm a2200217 4500 | ||
|---|---|---|---|
| 005 | 20250122143122.0 | ||
| 007 | cr |||||u||||| | ||
| 008 | 181205s2018 1 o d cat cat | ||
| 041 | _acat | ||
| 080 | _a004.056.57 | ||
| 245 |
_aGlossari de ciberseguretat i navegació segura per Internet _h[en línia] _cInternet Segura |
||
| 260 |
_aBarcelona _bGeneralitat de Catalunya. Fundació Centre de Seguretat de la Informació de Catalunya _c2018 |
||
| 300 |
_a14 p. _b1 document PDF |
||
| 520 | _a20 | ||
| 546 | _acatalà | ||
| 592 | _aObra terminològica | ||
| 593 | _aGEC | ||
| 650 |
_aciberseguretat _960640 |
||
| 856 | _uhttps://agora.xtec.cat/ceippax/wp-content/uploads/usu1317/2018/09/glossari_ciberseguretat_yomo.pdf | ||
| 942 |
_cMO _n0 _2ddc |
||
| 999 |
_c68910 _d68910 |
||